NFL Teams by his Logo #1 - Statistics

General Stats
  • This quiz has been taken 138 times
  • The average score is 15 of 16
Answer Stats
Picture Answer % Correct
Miami Dolphins
100%
Baltimore Ravens
96%
New England Patriots
96%
Green Bay Packers
95%
Jacksonville Jaguars
95%
Tennesse Titans
94%
Detroit Lions
93%
Minnesota Vickings
93%
Atlanta Falcons
92%
Pitsburgh Steelers
92%
Dallas Cowboys
90%
HoustonTexans
89%
New York Giants
86%
Tampa Bay Buccaneers
86%
Arizona Cardinals
83%
Indianapolis Colts
83%
No matching quizzes found
Score Distribution
Percent of People with Each Score
Percentile by Number Answered
Your Score History
You have not taken this quiz